Những phát hiện địa lý lừng danh

Gespeichert in:
Bibliographische Detailangaben
1. Verfasser: Lê Trọng Túc
Format: Buch
Sprache:Undetermined
Veröffentlicht: Hà Nội ĐH và GDCN 1991
Schlagworte:
Tags: Tag hinzufügen
Keine Tags, Fügen Sie den ersten Tag hinzu!
Thư viện lưu trữ: Trung tâm Học liệu Trường Đại học Cần Thơ
LEADER 00481nam a2200169Ia 4500
001 CTU_10238
008 210402s9999 xx 000 0 und d
082 |a 910.4 
082 |b T506 
100 |a Lê Trọng Túc 
245 0 |a Những phát hiện địa lý lừng danh 
245 0 |c Lê Trọng Túc 
260 |a Hà Nội 
260 |b ĐH và GDCN 
260 |c 1991 
650 |a voyages and travels 
980 |a Trung tâm Học liệu Trường Đại học Cần Thơ